000 01296nam a22003617a 4500
003 CHAP
005 20220817042141.0
008 971013s1986 r 00010 d
010 _a36153
011 _a37125
035 _a41244
040 _cCHAP
090 _aTesis
100 0 0 _aPalacios Sánchez, José Alfredo.
_984835
245 _aEvaluación de dos variedades de sorgo Sorghum bicolor L. Moench para grano, en condiciones de temporal bajo cuatro sistemas de siembra
260 _aChapingo, Méx. :
_bEl autor,
_c1986
300 _a111 h.
_b: gráfs.
502 _aTesis (Ing. Agr. Esp. en Fitotecnia) -- UACH. Departamento de Fitotecnia
590 _aALEPH
_b10
_c20130110
_lUCH01
_h1301
590 _aBATCH-UPD
_b10
_c20130110
_lUCH01
_h2034
590 _aBATCH-UPD
_b10
_c20130410
_lUCH01
_h1349
590 _aBATCH-UPD
_b10
_c20130914
_lUCH01
_h0903
590 _aCONVERSION
_b10
_c20130109
_lUCH01
_h1320
650 1 4 _aCebada
_xEspaciamiento.
_920677
650 1 4 _aCultivos asociados.
_930370
650 1 4 _aSorgo
_xEspaciamiento.
_9108667
650 1 4 _aSorgo
_xVariedades.
_9108734
710 _aUACH. Departamento de Fitotecnia
901 _aBK
942 _cFOLL
949 _bBC
_cTES
_d-94389
_eTS1
_h18120
_i41244
_si
949 _bBC
_cTES
_d33724000755914
_eTS2
_fc.2
_h18121
_i41244
_si
999 _c36153
_d36153